มุมมองปกติ
มุมมองแบบ MARC
- ความสัมพันธ์ระหว่างประเทศ
รายการ Topical Term
001 - CONTROL NUMBER
- control field: 13572
003 - CONTROL NUMBER IDENTIFIER
- control field: NALT
005 - DATE AND TIME OF LATEST TRANSACTION
- control field: 20200218095519.0
008 - FIXED-LENGTH DATA ELEMENTS
- fixed length control field: 170818|| aca||aabn | a|a d
040 ## - CATALOGING SOURCE
- Original cataloging agency: NALT
- Transcribing agency: NALT
150 ## - HEADING--TOPICAL TERM
- Topical term or geographic name entry element: ความสัมพันธ์ระหว่างประเทศ
- General subdivision: ทฤษฎี
670 ## - SOURCE DATA FOUND
- Source citation: Work cat.: (NALT)43004: จันตรี สินศุภฤกษ์ 13570, กฎหมายระหว่างประเทศกับการเมืองระหว่างประเทศ, 2547
